000 00451cam a22001097a 4500
008 180718b1953 xxu||||| |||| 00| 0 eng d
082 _aR175x42 1950-53
245 _aReport of the national youth employment council on the work of the youth employment service
_cby Ministry of Labour and National Service
260 _aLondon
_bHer Majesty's Stationery Office
_c1953
300 _a49p
700 _aUnited Kingdom. Ministry of the Labour and National Service
999 _c419237
_d419237